000 00331nam a22001457a 4500
008 210312b ||||| |||| 00| 0 eng d
020 _a0030581443
041 _aeng
080 _22nd
_a330.722.6
082 _22nd
_a330.722.6
100 _a61
101 _aKF
245 _aElementary Accounting
_cReynolds,N.I
942 _2udc
_cBK
999 _c56479
_d56479